Normal view MARC view
  • Zaka ul Mulk

Entry Personal Name

Number of records used in: 1

001 - CONTROL NUMBER

  • control field: 98920

003 - CONTROL NUMBER IDENTIFIER

  • control field: NUST

005 - DATE AND TIME OF LATEST TRANSACTION

  • control field: 20220913160234.0

008 - FIXED-LENGTH DATA ELEMENTS

  • fixed length control field: 220913|| aca||aabn | a|a d

040 ## - CATALOGING SOURCE

  • Original cataloging agency: NUST
  • Transcribing agency: NUST

100 ## - HEADING--PERSONAL NAME

  • Personal name: Zaka ul Mulk

670 ## - SOURCE DATA FOUND

  • Source citation: Work cat.: (NUST)13307: Zaka ul Mulk, Analysis of pilot contamination in very large scale MIMO Systems, 2015
© 2023 Central Library, National University of Sciences and Technology. All Rights Reserved.